Normal view
MARC view
- LOW CALORIE RECIPES : NON VEGETARIAN
Entry Topical Term
001 - CONTROL NUMBER
- control field: 58044
003 - CONTROL NUMBER IDENTIFIER
- control field: NUST
005 - DATE AND TIME OF LATEST TRANSACTION
- control field: 20210628202039.0
008 - FIXED-LENGTH DATA ELEMENTS
- fixed length control field: 210628|| aca||aabn | a|a d
040 ## - CATALOGING SOURCE
- Original cataloging agency: NUST
- Transcribing agency: NUST
150 ## - HEADING--TOPICAL TERM
- Topical term or geographic name entry element: LOW CALORIE RECIPES : NON VEGETARIAN
670 ## - SOURCE DATA FOUND
- Source citation: Work cat.: (NUST): Harveen Choudhary 58043, Low calorie recipes : non vegetarian, 2003
